Título en la letra - Estadísticas

Estadísticas generales
  • Esta prueba ha sido intentada 198 veces
  • La puntuación promedio es 8 de 30
Estadísticas de respuestas
Respuesta % Correcto
Tengo __ ______ _____ / Porque negra tengo el alma La Camisa Negra
87%
Sufre mamón / __________ _ __ _____ / O te retorcerás entre polvo pica pica Devuélveme A Mi Chica
76%
Juanes
67%
Sabes que estoy ________ __ ___ _____ / Así que no me dejes caer Colgando En Tus Manos
61%
Hombres G
59%
Lega legalización, ________ / De calida' y barato / Lega legalización, ________ / Basta de prohibición Cannabis
48%
Carlos Baute con Martha Sánchez
45%
Sola, sola en el olvido / Sola, sola con su espíritu / Sola, sola con su amor el mar / Sola __ __ ______ __ ___ ____ En El Muelle de San Blas
38%
Ska-P
36%
Maná
35%
Todos yiran y yiran / Todos bajo el sol / Se proyecta la vida / ________ ___________ Mariposa Technicolor
27%
Me dicen el _______, nací en Barracas / Si hablamos de matar mis palabras matan Matador
23%
_____ pase algo que te borre de pronto / Una luz cegadora / Un disparo de nieve Ojalá
23%
__ __ __ _____ ____ no sé / Qué diablos hago amándote / __ __ __ _____ ____ sabrás / Que Dios no va a entender por qué te vas Si Tú No Estás Aquí
23%
Fito Páez
21%
Eres ____ ______ / Canto de pasión y arena / Eres ____ ______ / Noche bajo las estrellas Piel Morena
19%
Rosana
16%
Thalía
16%
Los Fabulosos Cadillacs
14%
Shakira
14%
Silvio Rodríguez
14%
Calle 13
13%
Y las mujeres somos ___ __ __ _________ / Así, estoy dispuesta a todo amor Las De La Intuición
13%
Nos gusta el desorden (uo uo uo) / Rompemos con las reglas (uo uo uo) / Somos indisciplinados (uo uo uo) / Todos los malcriados (uo uo uo) / ____' _ _________ ___ Vamo' A Portarnos Mal
11%
Y aunque esta verdad pueda doler / Tengo que decirlo sin complacer / Pero si ofendo pido perdón / ______ ___ ______ no quiero ser como vos Cuando Sea Grande
9%
Cuarteto de Nos
8%
_________ _________ __________ / Bendita sea la hora en que te encontré Abusadora
5%
Wisin & Yandel
3%
Kudai
1%
____ __ _____ / La lluvia cae entre mis pensamientos / ____ __ _____ / Tú ya no estás dentro de mi silencio. Nada Es Igual
1%
No se encontraron pruebas coincidentes
Distribución de puntuación
Porcentaje de gente con cada puntuación
Porcentaje por número respondido
Historial de tus puntuaciones
No has intentado esta prueba.